LDR 01124naa#a2200229#i#450# 001 RU\\bibl\125697 005 20260630020614.2 011 ## _a2077-7566 100 ## _a20260629b2026####ek#y0rusy0150####ca 101 0# _aRUS 102 ## _aRU 200 1# _aМЕТОДЫ ОБРАБОТКИ ТРЕХМЕРНО НАПЕЧАТАННЫХ ХИРУРГИЧЕСКИХ ШАБЛОНОВ В СТОМАТОЛОГИИ: СИСТЕМАТИЧЕСКИЙ ОБЗОР _eЖурнальная статья 210 1# _aЕкатеринбург _cИздательский Дом «ТИРАЖ» _d2026 215 ## _a12 с. 608 ## _aЖурнальная статья _2local 675 ## _aСтоматология. Заболевания ротовой полости и зубов. 616.31 _zRUS 700 #1 _aМамедов _gСакит Кямандар оглы 700 #1 _aМураев _gАлександр Александрович 700 #1 _aГусейнов _gНиджат Айдын оглы 700 #1 _aЭртувханов _gМарат Зайнулабидович 700 #1 _aНосков _gМихаил Федорович 856 4# _adental-press.ru _u